Movies Quiz

Random Movies or Director Quiz

Brian De Palma Movies Quiz Stats

 Plays Quiz Updated Mar 27, 2020

     
Support Sporcle.
Go Orange.
Score 0/29 Timer 08:00
0 Plays Today
Year Movie % Correct
1983Scarface
76.1%
1976Carrie
60.8%
1987The Untouchables
59.2%
1981Blow Out
48.7%
1993Carlito's Way
45.7%
1980Dressed to Kill
44.7%
1996Mission: Impossible
44.5%
1984Body Double
39.6%
1998Snake Eyes
38.8%
2006The Black Dahlia
37.5%
2012Passion
34.7%
1973Sisters
34%
2002Femme Fatale
33.3%
2000Mission to Mars
31.6%
1989Casualties of War
29.2%
Year Movie % Correct
1990The Bonfire of the Vanities
29.2%
1974Phantom of the Paradise
27.3%
1978The Fury
27%
1992Raising Cain
26.8%
2007Redacted
26.7%
1970Hi, Mom!
26.7%
1976Obsession
25.4%
1968Greetings
22.8%
1986Wise Guys
20.3%
1969The Wedding Party
17.3%
1980Home Movies
17.2%
1972Get to Know Your Rabbit
15%
1968Murder à la Mod
14.6%
1970Dionysus
12.1%

From the Vault

Sandwich Time!

by mselby

Warning: Do not take this quiz on an empty stomach.
Remove Ads.
Support Sporcle.
Get the best of Sporcle when you Go Orange. This ad-free experience offers more features, more stats, and more fun while also helping to support Sporcle. Thank you for becoming a member.

Show Comments

Extras

Top Quizzes Today


Score Distribution

Your Account Isn't Verified!

In order to create a playlist on Sporcle, you need to verify the email address you used during registration. Go to your Sporcle Settings to finish the process.

Report this User

Report this user for behavior that violates our Community Guidelines.

Details: